000 00590nam a2200181Ia 4500
001 4570
003 GE_BSU
008 181216s||||||||xx |||||||||||||| ||und||
040 _cGE_BSU
100 _aФаддеев, Д.К; Никулин, М.С;Соколовский,; И.Ф.
245 _aЭлементы высшей математики для школьников
260 _aМосква
260 _bНаука, Физматлит;
260 _c1987
300 _a336 с.21 см
653 _aЭлементы высшей математики для школьн
942 _cBK
999 _c38505
_d38505